Garantismo vs. funcionalismo / (Registro nro. 2520)
[ vista simple ]
| 000 -LEADER | |
|---|---|
| fixed length control field | 00478nab a22001577a 4500 |
| 003 - CONTROL NUMBER IDENTIFIER | |
| control field | OSt |
| 005 - DATE AND TIME OF LATEST TRANSACTION | |
| control field | 20190322102302.0 |
| 008 - FIXED-LENGTH DATA ELEMENTS--GENERAL INFORMATION | |
| fixed length control field | 190322b xxu||||| |||| 00| 0 spa d |
| 040 ## - CATALOGING SOURCE | |
| Transcribing agency | PJ |
| 100 ## - MAIN ENTRY--PERSONAL NAME | |
| 9 (RLIN) | 2798 |
| Personal name | Creus, Carlos |
| 245 10 - TITLE STATEMENT | |
| Title | Garantismo vs. funcionalismo / |
| Statement of responsibility, etc | Carlos Creus. |
| 300 ## - PHYSICAL DESCRIPTION | |
| Extent | p. 609-623 |
| 650 #0 - SUBJECT ADDED ENTRY--TOPICAL TERM | |
| 9 (RLIN) | 343 |
| Topical term or geographic name as entry element | DERECHO PENAL |
| 773 0# - HOST ITEM ENTRY | |
| Host Biblionumber | 2477 |
| Host Itemnumber | 3055 |
| Place, publisher, and date of publication | Buenos Aires : Ediciones del Puerto, 1997. |
| Other item identifier | PP4946 |
| Title | Nueva doctrina penal. 1997-B / |
| International Standard Book Number | 9879120167 |
| 942 ## - ADDED ENTRY ELEMENTS (KOHA) | |
| Source of classification or shelving scheme | |
| Koha item type | Analítica Artículo de Revista |
No hay ítems disponibles.
